ბათუმის შოთა რუსთაველის სახელმწიფო უნივერსიტეტის ბიბლიოთეკა

ევროკავშირის პოლიტიკა ნ.2 (ბიბ.ჩანაწერი № 52536)

000 -LEADER
fixed length control field 00863nam a2200241Ia 4500
001 - CONTROL NUMBER
control field 19560
003 - CONTROL NUMBER IDENTIFIER
control field GE_BSU
008 - FIXED-LENGTH DATA ELEMENTS--GENERAL INFORMATION
fixed length control field 181216s||||||||xx |||||||||||||| ||und||
040 ## - CATALOGING SOURCE
Transcribing agency GE_BSU
080 ## - UNIVERSAL DECIMAL CLASSIFICATION NUMBER
Universal Decimal Classification number 327.7
100 ## - MAIN ENTRY--PERSONAL NAME
Personal name მაკკორმიკი,ჯონ
245 ## - TITLE STATEMENT
Title ევროკავშირის პოლიტიკა ნ.2
245 ## - TITLE STATEMENT
Statement of responsibility, etc. მთარგმნ. ხათუნა ბასილაშვილი, მ. ჯანელიძე. რედ. ეკა აკობია
250 ## - EDITION STATEMENT
Edition statement 9789941947025
260 ## - PUBLICATION, DISTRIBUTION, ETC.
Place of publication, distribution, etc. თბილისი
260 ## - PUBLICATION, DISTRIBUTION, ETC.
Name of publisher, distributor, etc. კავკასიის უნ-ტის გამ-ბა
260 ## - PUBLICATION, DISTRIBUTION, ETC.
Date of publication, distribution, etc. 2016
300 ## - PHYSICAL DESCRIPTION
Extent 315 გვ.ილ.
653 ## - INDEX TERM--UNCONTROLLED
Uncontrolled term ევროკავშირის პოლიტიკა
653 ## - INDEX TERM--UNCONTROLLED
Uncontrolled term ქსეროქსი
942 ## - ADDED ENTRY ELEMENTS (KOHA)
Koha item type წიგნი
ეგზემპლარები
Withdrawn status Lost status Damaged status Not for loan Date acquired Barcode Date last seen Price effective from Koha item type Public note
        2018-12-17 00405 ქსეროქსი 2018-12-17 2018-12-17 წიგნი ქსეროქსი
        2018-12-17 00406 ქსეროქსი 2018-12-17 2018-12-17 წიგნი ქსეროქსი
        2018-12-17 00480 ქსერ. 2018-12-17 2018-12-17 წიგნი ქსეროქსი